000 nam a22 a 4500
999 _c170871
_d170871
003 BLK
005 20221208143224.0
008 180411b bul|||||r ||||||| ||bul||
040 _aBLK
041 _aBUL
_cBUL
080 _aГеография на България
_b913(497.2)
_x(035)
_z913(497.2)(035)
080 _aТуризмът от стопанско гледище. Политика по отношение на туризма. Икономика и организация на туризма. Вътрешен и международен туризъм. Вж и 379.8
_b338.48
_x(497.2)(035)
_z338.48(497.2)(035)
080 _aЗабавно пътуване. Туризъм - пътуване пеша, с кола, колело, автобус, влак, параход, самолет, изкачване на планина, ездене и др. п.
_b379.85
_x(035)
_z379.85(035)
139 _aНаръчник на екскурзовода
245 1 0 _aНаръчник на екскурзовода
_bЧ. 1 -
_cавт. на том Светлин Стефанов Кираджиев.
_nЧ. 2
_pОсновни маршрути и туристически обекти в България
257 _aBGR
260 _aСофия
_bМедицина и физкултура
_c1980 -
_fПловдив : печ. Д. Благоев
300 _c21 см
380 _a91
500 _aИзд. на Държ. к-т по туризъм.
650 4 _aБългария - справочници
_9269171
650 4 _aБългария - пътеводители
_9272126
700 1 _aКираджиев, Светлин Стефанов
_eавт. на том
_9382730
760 1 _dСофия, 1980
_h315 с.
_nДруги авт.: Ив. Бръмбаров, П. Станев, Ив. Минкова, М. Бъчваров, Б. Манев, отбелязани в съдърж. - Библиогр. с. 306-308 ; Азб. показалец.
_oЧ. 2 Основни маршрути и туристически обекти в България
_tНаръчник на екскурзовода
852 _aЦб 106591
_bЦб
942 _cKNG
_n0
_s1
944 _aCR
_c04.08.2015
_lф /
_kЛюдмила_Стоянова
944 _aED
_c2022-12-08